Vzájomný vzťah centralizácie a formalizácie a ich vplyv na organizačnú štruktúru podniku bakalárska práca

Salvato in:
Dettagli Bibliografici
Autore principale: Koniariková, Simona
Ente Autore: Fakulta podnikového manažmentu EU. Katedra manažmentu
Altri autori: Skorková, Zuzana, 1979-
Natura: Libro
Lingua:slovacco
Pubblicazione: Bratislava 2020
Tags: Aggiungi Tag
Nessun Tag, puoi essere il primo ad aggiungerne!!

MARC

LEADER 00000nbm a2200000 4500
001 0266154
005 20201127095707.9
041 0 |a slo 
044 |a SK 
245 1 0 |a Vzájomný vzťah centralizácie a formalizácie a ich vplyv na organizačnú štruktúru podniku  |b bakalárska práca  |c Simona Koniariková ; školiteľ: Zuzana Skorková 
264 1 |a Bratislava  |c 2020 
300 |a 53 s. 
100 1 |a Koniariková, Simona 
700 1 |a Skorková, Zuzana, 1979- 
710 2 |a Fakulta podnikového manažmentu EU. Katedra manažmentu